000 00301nam a2200109Ia 4500
008 220204s9999 xx 000 0 und d
082 _a546.22
_bSEN.3
245 0 _aSulfur in organic and inorganic chemistry. V 3
260 _aNew York
_bMarcel Dekker
_c1972
700 _aSenning, Alexander
942 _cBK
999 _c26569
_d26569